Effect of hill spacing on growth and yield for senpidour rice at royal university of agriculture experiment station,(ឥទ្ធិពលចន្លោះគុម្ពទៅលើការលូតលាស់ និងទិន្នផលរបស់ស្រូវសែនពិដោរនៅស្ថានីយ៍ពិសោធន៍ សាកលវិទ្យាល័យភូមិន្ទកសិកម្ម (Record no. 513)

000 -LEADER
fixed length control field 00784nam a22001577a 4500
003 - CONTROL NUMBER IDENTIFIER
control field OSt
005 - DATE AND TIME OF LATEST TRANSACTION
control field 20150915155021.0
008 - FIXED-LENGTH DATA ELEMENTS--GENERAL INFORMATION
fixed length control field 150915b xxu||||| |||| 00| 0 eng d
040 ## - CATALOGING SOURCE
Transcribing agency RUA
082 ## - DEWEY DECIMAL CLASSIFICATION NUMBER
Classification number AGR SRE 2003 B029 Or.1
100 ## - MAIN ENTRY--PERSONAL NAME
9 (RLIN) 535
Personal name SREI PUTHEA
245 ## - TITLE STATEMENT
Title Effect of hill spacing on growth and yield for senpidour rice at royal university of agriculture experiment station,(ឥទ្ធិពលចន្លោះគុម្ពទៅលើការលូតលាស់ និងទិន្នផលរបស់ស្រូវសែនពិដោរនៅស្ថានីយ៍ពិសោធន៍ សាកលវិទ្យាល័យភូមិន្ទកសិកម្ម
260 ## - PUBLICATION, DISTRIBUTION, ETC. (IMPRINT)
Place of publication, distribution, etc. phonm penh
Name of publisher, distributor, etc. RUA
Date of publication, distribution, etc. 2003
300 ## - PHYSICAL DESCRIPTION
Extent 55p.
Dimensions ill.
Size of unit 29cm.
942 ## - ADDED ENTRY ELEMENTS (KOHA)
Source of classification or shelving scheme
Koha item type AGR
Holdings
Price effective from Date last seen Permanent Location Not for loan Date acquired Date last checked out Source of classification or shelving scheme Koha item type Total Checkouts Barcode Lost status Damaged status Withdrawn status Current Location Full call number
2015-09-152016-11-12Library Block B 2015-09-152016-10-07 AGR1RUA001602   Library Block BAGR SRE 2003 B029 Or.1
2015-09-152015-09-15Library Block B 2015-09-15  AGR RUA001169   Library Block BAGR SRE 2003 B029 Or.2
2015-09-152015-09-15Library Block B 2015-09-15  AGR RUA001530   Library Block BAGR SRE 2003 B029 Or.3
2015-09-152015-09-15Library Block B 2015-09-15  AGR RUA001458   Library Block BAGR SRE 2003 B029 Or.4
2015-09-152018-01-26Library Block B 2015-09-152018-01-22 AGR3RUA001171   Library Block BAGR SRE 2003 B029 Or.5
2015-09-152019-11-19Library Block B 2015-09-152019-10-04 AGR1RUA001386   Library Block BAGR SRE 2003 B029 Or.6
មជ្ឈមណ្ឌលឯការនៃសាកលវិទ្យាល័យភូមិន្ទកសិកម្មចំការដូង

Powered by Koha